[Event "39 Open Sevilla 2014"]
[Site "Sevilla (SPAIN)"]
[Date "2014.01.10"]
[Round "1.1"]
[White "CADENAS FALCON, Jose Antonio"]
[Black "TUROV, Maxim"]
[Result "0-1"]
[WhiteElo "1833"]
[BlackElo "2586"]
[Annotator "Montecatine,R"]
[PlyCount "58"]
[EventDate "2014.01.10"]

1. e4 c6 2. d4 d5 3. exd5 cxd5 4. Nf3 Nc6 5. Be2 Bg4 6. c3 e6 7. O-O Bd6 8. Ne5
(8. h3) 8... Bxe2 9. Qxe2 Nge7 10. Nd2 O-O 11. Ndf3 Rb8 12. Nxc6 Nxc6 13. Ne5
Bxe5 14. dxe5 b5 15. f4 (15. Be3) 15... b4 16. Be3 $15 (16. cxb4 Rxb4 17. Be3
d4 18. Bf2 Qd5 19. Rfd1 Rd8 20. Rd3 $11) 16... bxc3 17. bxc3 Qa5 {Diagrama #}
18. Bd4 $17 (18. Qf2 $15) 18... Nxd4 19. cxd4 Qc3 20. Rfd1 Rb2 21. Qd3 Qxd3 22.
Rxd3 Rc8 23. Rb3 Rd2 24. Rb7 $19 (24. Rab1 g6 25. R3b2 Rxd4 26. g3 $17) 24...
h5 25. Rxa7 Rcc2 26. a4 Rxg2+ 27. Kh1 Rxh2+ 28. Kg1 h4 29. Ra3 Rhd2 0-1

[Event "39 Open Sevilla 2014"]
[Site "Sevilla (SPAIN)"]
[Date "2014.01.10"]
[Round "1.3"]
[White "GODINO BENITEZ, Miguel"]
[Black "MATAMOROS FRANCO, Carlos S"]
[Result "0-1"]
[WhiteElo "1820"]
[BlackElo "2531"]
[Annotator "Montecatine,R"]
[PlyCount "48"]
[EventDate "2014.01.10"]

1. Nf3 Nf6 2. c4 g6 3. d4 Bg7 4. Nc3 O-O 5. e4 d6 6. Be2 Na6 7. h3 e5 8. d5 Nc5
9. Nd2 a5 10. g4 Bh6 11. Qc2 c6 12. Nf3 (12. O-O $11) 12... Bxc1 13. Rxc1 cxd5
14. cxd5 Bd7 15. b3 (15. Nd2) 15... Rc8 $15 16. Nd2 b5 17. Qb1 h5 18. f3 Qb6
19. b4 (19. a3 $15) 19... axb4 $16 20. Qxb4 Na4 {Diagrama #} 21. Nc4 (21. Kd1
Nxc3+ 22. Rxc3 Rxc3 23. Qxc3 Ra8 $17) 21... Rxc4 $19 22. Bxc4 Qe3+ 23. Ne2 bxc4
24. Rxc4 Nc5 0-1

[Event "39 Open Sevilla 2014"]
[Site "Sevilla (SPAIN)"]
[Date "2014.01.10"]
[Round "1.5"]
[White "VERWER, Renzo"]
[Black "CAMPORA, Daniel H"]
[Result "0-1"]
[WhiteElo "1816"]
[BlackElo "2460"]
[Annotator "Montecatine,R"]
[PlyCount "54"]
[EventDate "2014.01.10"]

1. e4 c6 2. d4 d5 3. e5 Bf5 4. Ne2 e6 5. Ng3 Bg6 6. h4 h6 7. Bd3 Bxd3 8. Qxd3
c5 9. c3 Nc6 10. Nd2 Rc8 11. dxc5 (11. a3) 11... Bxc5 (11... Nxe5 12. Qb5+ Qd7
$15) 12. Qb5 Bb6 13. Nf3 (13. Nh5 $5 g6 14. Ng3 Qd7 15. Qe2 $15) 13... Nge7 $15
14. Nh5 g6 (14... O-O) 15. Nf6+ Kf8 16. Bf4 Ng8 17. Ng4 h5 18. Bg5 (18. Ne3 Qc7
19. O-O-O $11) 18... Qc7 $15 19. Nf6 Nxe5 20. Nxg8 (20. Nxe5 Qxe5+ 21. Qe2
Qxe2+ 22. Kxe2 $17) 20... Nxf3+ 21. gxf3 Qe5+ 22. Kf1 Kxg8 $17 23. Re1 Qf5 24.
Qd7 Qd3+ 25. Kg2 Rc7 26. Re3 (26. Qa4) 26... Qxe3 {Diagrama #} (26... Qa6 $19)
27. Qxc7 (27. Qd8+ Kh7 28. fxe3 Rxd8 29. Bxd8 Rc6 30. Bxb6 Rxb6 31. b3 $17)
27... Qxf2+ (27... Qxf2+ 28. Kh3 Bxc7) 0-1

[Event "30 Open Sevilla 2014"]
[Site "Sevilla (SPAIN)"]
[Date "2014.01.10"]
[Round "1.10"]
[White "POGORELOV, Ruslan"]
[Black "TORRES GONZALEZ, Javier"]
[Result "1-0"]
[WhiteElo "2377"]
[BlackElo "1800"]
[Annotator "Montecatine,R"]
[PlyCount "65"]
[EventDate "2014.01.10"]

1. Nf3 Nf6 2. c4 c5 3. Nc3 g6 4. e4 Bg7 5. d4 cxd4 6. Nxd4 Nc6 7. Be3 O-O 8.
Be2 d6 9. O-O Ne5 (9... Bd7) (9... Nd7) 10. h3 $14 a5 {(b5)} 11. f4 Ned7 12.
Bf3 $16 Nc5 13. b3 Nfd7 14. Rc1 Rb8 15. Ndb5 b6 16. Rc2 Bb7 17. Rd2 Bxc3 (17...
Qc8) 18. Nxc3 Qc8 19. Re1 $16 Nf6 20. Bf2 {Diagrama #} Qe6 (20... Rd8 $16) 21.
e5 $18 Bxf3 (21... dxe5 22. Rxe5 Qc8 23. Rxe7) 22. Qxf3 dxe5 23. Rxe5 Qc8 24.
Rxe7 Ne6 25. Nd5 Nxd5 26. cxd5 Qd8 27. d6 Rc8 28. f5 gxf5 (28... Ng7 29. g4)
29. Qxf5 (29. Qg3+ Kh8 30. Rxe6) 29... Rc1+ 30. Kh2 Ra1 (30... Ng7) 31. Rd3
Rxa2 32. Rg3+ Ng7 33. Qf6 1-0

[Event "39 Open Sevilla 2014"]
[Site "Sevilla (SPAIN)"]
[Date "2014.01.10"]
[Round "1.18"]
[White "GONZALEZ GALVAN, Juan Manuel"]
[Black "HASLINGER, J Mike"]
[Result "1-0"]
[WhiteElo "2238"]
[BlackElo "1781"]
[Annotator "Montecatine,R"]
[PlyCount "73"]
[EventDate "2014.01.10"]

1. e4 g6 2. Nc3 Bg7 3. f4 d6 4. Nf3 Nd7 5. Bc4 e6 6. O-O Ne7 7. d3 O-O 8. Qe1
a6 9. Qh4 Nc6 10. Qh3 Nd4 11. Nxd4 Bxd4+ 12. Be3 Qf6 (12... Bg7) 13. f5 $1
Bxe3+ 14. Qxe3 exf5 (14... Qe7) 15. exf5 Qe5 16. Qf2 $14 Qc5 (16... Qxf5 17.
Qxf5 gxf5 18. Rxf5 Ne5 19. Rg5+ Kh8 20. Nd5) 17. fxg6 (17. Qxc5 dxc5 (17...
Nxc5 18. d4 Nd7 19. fxg6 hxg6 20. Rxf7 Rxf7 21. Rf1 $18) 18. fxg6 hxg6 19. Rae1
Nb6 20. Bb3 Bf5 21. Re7 $16) 17... hxg6 (17... Qxf2+ 18. Rxf2 hxg6 $16) 18.
Rae1 Qxf2+ 19. Rxf2 Ne5 20. Bb3 (20. Nd5) 20... Be6 (20... Kg7 21. d4 Nc6 22.
Nd5 Bf5 $14) 21. d4 Bxb3 22. dxe5 Be6 23. exd6 cxd6 24. Rd2 Rad8 25. Ne4 d5 26.
Red1 {Diagrama #} dxe4 (26... Kg7 27. Ng5 $14) 27. Rxd8 $18 Rxd8 28. Rxd8+ Kg7
29. b3 Kf6 30. Kf2 Ke5 31. c4 f5 32. Rb8 f4 33. Rxb7 e3+ 34. Ke1 Bf5 35. c5 Kd4
36. c6 Be4 37. Rb4+ 1-0

[Event "39 Open Sevilla 2014"]
[Site "Sevilla (SPAIN)"]
[Date "2014.01.10"]
[Round "1.2"]
[White "HASLINGER, Stewart G"]
[Black "ALBADALEJO CABRERA, Jeronimo"]
[Result "1-0"]
[WhiteElo "2548"]
[BlackElo "1827"]
[Annotator "Montecatine,R"]
[PlyCount "67"]
[EventDate "2014.01.10"]

1. e4 e6 2. d4 d5 3. Nd2 Nf6 4. e5 Nfd7 5. Bd3 c5 6. c3 Nc6 7. Ne2 cxd4 8. cxd4
Be7 9. O-O O-O 10. f4 f6 11. exf6 Bxf6 12. Nf3 Qb6 13. Kh1 Re8 (13... g6) 14.
b3 Nf8 15. Ne5 $14 Bd7 16. Qd2 Rac8 17. Ba3 Be7 (17... Qa5 18. Qxa5 Nxa5 $14)
18. Bxe7 Rxe7 19. Rac1 Nxe5 {Diagrama #} (19... Rc7) 20. Rxc8 $2 (20. dxe5 Rxc1
21. Rxc1 $16) 20... Bxc8 $2 (20... Nxd3 21. Rxf8+ Kxf8 22. Qxd3 Bb5 23. Qd2
Bxe2 24. Qxe2 Qxd4 $15) 21. fxe5 Qc7 (21... Rf7 22. Rxf7 Kxf7 23. Nf4 $16) 22.
Rc1 Qd8 23. Qc3 Re8 (23... Bd7 24. Qc7 Qa8 25. Rf1 Ng6 $16) 24. Qc7 Qd7 (24...
Nd7) 25. a4 a6 26. a5 Ng6 (26... Qxc7 27. Rxc7 Nd7 28. Nf4 $18) (26... Qf7 27.
Nf4) 27. Qxd7 Bxd7 28. Rc7 Bc6 29. Bxa6 Rb8 30. Bd3 Be8 31. b4 Ba4 32. Bxg6
hxg6 33. Nf4 Rf8 34. g3 1-0

[Event "39 Open Sevilla 2014"]
[Site "Sevilla (SPAIN)"]
[Date "2014.01.10"]
[Round "1.6"]
[White "DUCARMON, Quinten"]
[Black "GOMEZ FERIA, Jose Maria"]
[Result "1-0"]
[WhiteElo "2456"]
[BlackElo "1813"]
[Annotator "Montecatine,R"]
[PlyCount "91"]
[EventDate "2014.01.10"]

1. e4 c5 2. Nf3 e6 3. d4 cxd4 4. Nxd4 Nc6 5. Nc3 a6 6. Be2 Nf6 7. Nxc6 bxc6 8.
e5 Nd5 9. Ne4 Qc7 10. f4 {Diagrama #} Bb7 $16 (10... Qb6) 11. c4 Nb6 (11... Nb4
12. Nd6+ Bxd6 13. exd6 Qd8 14. a3 $18) 12. Nd6+ Bxd6 13. exd6 Qd8 14. Qd4 O-O
15. Be3 Nc8 16. O-O f5 17. Qe5 Qf6 18. Qxf6 gxf6 (18... Rxf6 19. Bc5 Rb8 20. b4
$16) 19. Bc5 $18 a5 20. Rf3 Kf7 21. Rb3 Ba6 22. Ra3 Bb7 23. Bh5+ Kg7 24. Kf2
Rd8 25. Re1 Kh8 26. Ree3 a4 27. Bd1 Ra5 28. b4 Ra6 29. Rxa4 Rxa4 30. Bxa4 Ba6
31. Rc3 Re8 32. Bc2 Kg7 33. a4 Kf7 34. b5 cxb5 35. cxb5 Bb7 36. a5 Rg8 37. g3
h5 38. a6 Bd5 39. h4 Kg6 40. b6 Nxb6 41. Bxb6 e5 42. a7 exf4 43. gxf4 Kf7 44.
Bb3 Ke6 45. Re3+ Kxd6 46. Rd3 1-0

[Event "39 Open Sevilla 2014"]
[Site "Sevilla (SPAIN)"]
[Date "2014.01.10"]
[Round "1.7"]
[White "DELGADO LOZANO, Ignacio Maria"]
[Black "VAN DER WEIDE, Karel"]
[Result "0-1"]
[WhiteElo "1811"]
[BlackElo "2449"]
[Annotator "Montecatine,R"]
[PlyCount "54"]
[EventDate "2014.01.10"]

1. d4 Nf6 2. Nf3 g6 3. g3 Bg7 4. Bg2 O-O 5. O-O d6 6. c4 Nbd7 7. Nc3 e5 8. dxe5
dxe5 9. e4 c6 10. Be3 Qe7 11. a3 (11. Qc2) (11. h3) 11... Nc5 12. Qc2 Ng4 13.
Bxc5 Qxc5 14. Na4 Qe7 15. h3 Nh6 16. Nc3 Be6 17. b3 Rad8 $15 18. Qe2 f6 19. Qe3
(19. Rfd1) 19... b6 20. Nd2 (20. a4) 20... Nf7 {Diagrama #} 21. b4 $2 (21. Rfd1
$17) 21... Bh6 $19 22. f4 Qd7 23. Rad1 Bxh3 24. Nb3 Qg4 25. Qf3 Qxf3 26. Rxf3
Bg4 27. Rxd8 Rxd8 0-1

[Event "39 Open Sevilla 2014"]
[Site "Sevilla (SPAIN)"]
[Date "2014.01.10"]
[Round "1.8"]
[White "TERAN ALVAREZ, Ismael"]
[Black "SORUCO TIRINA, Humberto"]
[Result "1-0"]
[WhiteElo "2412"]
[BlackElo "1810"]
[Annotator "Montecatine,R"]
[PlyCount "69"]
[EventDate "2014.01.10"]

1. e4 c5 2. Nf3 Nc6 3. Bb5 Qb6 4. Nc3 e6 5. O-O Nge7 6. Re1 g6 7. Bxc6 Nxc6 8.
e5 Bg7 (8... d5) 9. d3 a6 (9... O-O) 10. h4 Qc7 (10... h5) 11. Bf4 $14 Ne7 (
11... O-O 12. Ne4 b6 $14) 12. Qd2 $16 b5 13. Ne4 O-O 14. h5 Nd5 15. Bg3 Bb7 16.
c4 Nb4 17. Nf6+ Kh8 18. Ng5 h6 19. Nge4 Bxe4 20. Rxe4 Qd8 21. Ng4 {Diagrama #}
Qg5 $18 (21... gxh5 22. Nf6 $16) 22. Qxg5 hxg5 23. h6 f5 24. exf6 Bxf6 25. Nxf6
Rxf6 26. Be5 Raf8 27. d4 cxd4 28. Bxd4 Kh7 29. Bxf6 Rxf6 30. cxb5 a5 31. a3 d5
32. Rxb4 axb4 33. a4 Kxh6 34. a5 e5 35. a6 1-0

[Event "39 Open Sevilla 2014"]
[Site "Sevilla (SPAIN)"]
[Date "2014.01.10"]
[Round "1.9"]
[White "BIZCOCHO MELLADO, Gregorio"]
[Black "SIMONIAN, Tigran"]
[Result "0-1"]
[WhiteElo "1805"]
[BlackElo "2412"]
[Annotator "Montecatine,R"]
[PlyCount "70"]
[EventDate "2014.01.10"]

1. e4 c5 2. d3 Nc6 3. g3 e6 4. Bg2 d5 5. Nc3 (5. exd5) (5. Nd2) 5... Nf6 6. f4
d4 7. Nce2 Be7 8. Nf3 a6 9. a4 b6 10. O-O Bb7 {Diagrama #} 11. Ne5 (11. h3) (
11. c3) 11... Nxe5 12. fxe5 Nd7 $17 13. Nf4 (13. Bf4 g5) 13... Nxe5 14. Qh5 Qd6
15. Bh3 (15. Nh3 O-O 16. Bf4 f6 $17) 15... O-O 16. Ng2 Ng6 (16... f5 17. exf5
exf5 18. Bf4 g6 19. Qe2 Bf6 $19) 17. Nf4 c4 18. b3 cxb3 19. Ba3 Qd7 20. cxb3
Rac8 21. Bxe7 Qxe7 22. Nxg6 hxg6 23. Qe5 Qc5 (23... Rc3) 24. Qxc5 Rxc5 25. Rfc1
Rc3 (25... Rxc1+ 26. Rxc1 Rc8 27. Rxc8+ Bxc8 $19) 26. Rxc3 dxc3 27. Rc1 Rc8 28.
Kf2 f5 29. Ke3 Kf7 30. exf5 (30. Kd4 c2 31. Bg2 $17) 30... gxf5 $19 31. Bf1 Bd5
32. b4 a5 33. bxa5 bxa5 34. Kd4 Bb3 35. Rxc3 e5+ 0-1

[Event "39 Open Sevilla 2014"]
[Site "Sevilla (SPAIN)"]
[Date "2014.01.10"]
[Round "1.11"]
[White "NARRO JIMENEZ, Jose Reyes"]
[Black "MONTERO MELENDEZ, Rafael"]
[Result "0-1"]
[WhiteElo "1796"]
[BlackElo "2350"]
[Annotator "Montecatine,R"]
[PlyCount "76"]
[EventDate "2014.01.10"]

1. e4 d6 2. d4 Nf6 3. Nc3 g6 4. Bd3 Bg7 5. f3 c6 6. Bg5 Qb6 7. Nge2 Qxb2 8. Rb1
Qa3 9. Rb3 Qa5 10. Bd2 Qc7 11. Qc1 h5 12. h4 $15 (12. O-O) 12... Nbd7 13. O-O
a6 14. f4 $17 (14. a4) 14... e5 15. f5 (15. dxe5 dxe5 16. Rb1) 15... exd4 16.
Nxd4 c5 {Diagrama #} 17. fxg6 (17. Nf3 c4) 17... cxd4 18. gxf7+ Kf8 (18... Kxf7
19. Nd5 Qd8 20. Bg5 $14) 19. Ne2 Ne5 20. Nxd4 Kxf7 21. Nf5 Bxf5 22. Rxf5 Rae8
23. Rc3 Qd7 24. Qb2 Rhf8 (24... Re7) 25. Qb3+ $18 Kg6 26. Rg5+ Kh7 27. Be2 Neg4
28. Bd3 Kh8 29. Qb6 Rc8 30. Rb3 Bh6 31. Bc3 Rc6 32. Qd4 Ne5 33. Rf5 Nfg4 34.
Rxf8+ Bxf8 35. Rb1 Bh6 36. Re1 Qf7 37. Rf1 Be3+ 38. Qxe3 Qxf1+ 0-1

[Event "39 Open Sevilla 2014"]
[Site "Sevilla (SPAIN)"]
[Date "2014.01.10"]
[Round "1.15"]
[White "JIMENEZ ARNAIZ, Jose Maria"]
[Black "MELERO FIDALGO, Juan De Dios"]
[Result "0-1"]
[WhiteElo "1784"]
[BlackElo "2245"]
[Annotator "Montecatine,R"]
[PlyCount "72"]
[EventDate "2014.01.10"]

1. e4 e5 2. Nf3 Nc6 3. Bc4 Nf6 4. Ng5 d5 5. exd5 Na5 6. Bb5+ c6 7. dxc6 bxc6 8.
Be2 h6 9. Nh3 g5 10. d3 Bg7 11. Nc3 Rb8 12. b3 O-O 13. Bb2 c5 14. Ng1 Nc6 15.
Nf3 Re8 16. Ne4 Nd5 17. O-O Bf8 18. Re1 Nf4 19. Bf1 g4 20. Nfd2 f5 21. Ng3 h5
22. Nc4 Bg7 23. Ne2 Ng6 24. g3 Bb7 25. Bg2 h4 26. h3 (26. Qd2) 26... gxh3 27.
Bxh3 Rf8 28. Bg2 Qg5 (28... f4) 29. Qd2 (29. Bc1 Qd8 30. Rf1) 29... Qh5 (29...
Qxd2 30. Nxd2 hxg3 31. Nxg3 $14) 30. Qe3 (30. Nd6 $5 Ba8 31. Bd5+) 30... Nd4
31. Bxb7 Rxb7 {Diagrama #} 32. Kg2 $2 (32. Nxd4 cxd4 33. Qe2 Qg5 34. Bc1 f4 35.
g4 $16) 32... f4 (32... h3+ 33. Kh2 Nxc2 $19) 33. gxf4 (33. Qe4 hxg3 34. Bxd4
f3+ $19) 33... Nxe2 34. Rxe2 Nxf4+ 35. Kf1 h3 36. Nxe5 h2 0-1

[Event "39 Open Sevilla 2014"]
[Site "Sevilla (SPAIN)"]
[Date "2014.01.10"]
[Round "1.16"]
[White "GALLARDO FERNANDEZ, Cesar"]
[Black "SANTOS OLIVERA, Francisco"]
[Result "1-0"]
[WhiteElo "2244"]
[BlackElo "1784"]
[Annotator "Montecatine,R"]
[PlyCount "81"]
[EventDate "2014.01.10"]

1. e4 c5 2. c3 d6 (2... Nf6) (2... d5) 3. d4 cxd4 4. cxd4 e6 5. Nc3 a6 6. g3 d5
7. exd5 exd5 8. Qb3 $14 Nc6 9. Bg2 (9. Nge2) 9... Nf6 (9... Nxd4 10. Qd1 Nc6
11. Nxd5 Nge7 $11) 10. Nxd5 {Diagrama #} (10. Nge2) 10... Nxd5 (10... Nxd4 11.
Qa4+ Nc6 12. Bg5 Be7 13. Rd1 Nxd5 14. Bxd5 Bb4+ $11) 11. Bxd5 Bb4+ 12. Kf1 $14
Qe7 13. Be3 O-O 14. Kg2 Be6 15. Bxe6 fxe6 16. a3 Bd6 17. Nf3 Qf6 (17... Rf5)
18. Ng5 $16 Rae8 19. Qd3 Qf5 20. Rhd1 Qxd3 21. Rxd3 Rf5 22. Rc1 h6 23. Ne4 Bf8
24. Nc5 Bxc5 25. Rxc5 Rxc5 (25... Rd8) 26. dxc5 Kf7 $18 27. Rd7+ Re7 28. Rxe7+
Nxe7 29. Kf3 Nc6 30. Ke4 Ke7 31. g4 Kf6 32. f4 g6 33. Bd4+ Kf7 34. b4 Nxd4 35.
Kxd4 Kf6 36. a4 h5 37. gxh5 gxh5 38. b5 axb5 39. axb5 Kf5 40. c6 bxc6 41. bxc6
1-0

[Event "39 Open Sevilla 2014"]
[Site "Sevilla (SPAIN)"]
[Date "2014.01.10"]
[Round "1.17"]
[White "RUIZ BENITEZ, Pascual Javier"]
[Black "PRADOS MONTANO, Antonio"]
[Result "0-1"]
[WhiteElo "1781"]
[BlackElo "2240"]
[Annotator "Montecatine,R"]
[PlyCount "42"]
[EventDate "2014.01.10"]

1. d4 d5 2. Nf3 Nc6 3. c4 Bg4 4. e3 (4. Nc3) 4... e5 5. h3 (5. Qb3) 5... Bxf3
6. Qxf3 Nf6 $15 7. dxe5 Nxe5 {Diagrama #} 8. Qg3 (8. Qf5) 8... Bd6 9. Qxg7 $17
(9. Qh4) 9... Rg8 10. Qh6 dxc4 11. Nc3 Qe7 12. Bd2 O-O-O 13. O-O-O Nd3+ 14.
Bxd3 cxd3 15. g4 Be5 16. Rhf1 (16. Kb1) 16... Bxc3 17. Bxc3 Ne4 $19 18. Qxh7
Nxc3 19. bxc3 Qa3+ 20. Kb1 Rg6 21. Rd2 Rb6+ 0-1

[Event "39 Open Sevilla 2014"]
[Site "Sevilla (SPAIN)"]
[Date "2014.01.10"]
[Round "1.12"]
[White "PADEIRO, Jose"]
[Black "CORTES FERRE, Luis"]
[Result "1-0"]
[WhiteElo "2337"]
[BlackElo "1792"]
[Annotator "Montecatine,R"]
[PlyCount "115"]
[EventDate "2014.01.10"]

1. c4 f5 2. Nc3 Nf6 3. g3 e6 4. Bg2 d5 5. d4 c6 6. Nh3 Bd6 7. O-O O-O 8. Bf4
Qe7 9. Qc2 Nbd7 10. b3 Ne4 11. f3 Nxc3 12. Qxc3 Nf6 13. Bxd6 Qxd6 14. Nf2 Bd7
15. Nd3 Rae8 16. a4 Bc8 17. c5 Qc7 18. b4 Nd7 19. f4 Kh8 20. b5 Rg8 21. Rfb1 g5
22. e3 h5 23. b6 Qb8 24. bxa7 Qxa7 25. a5 h4 26. fxg5 Rxg5 27. gxh4 Rg4 28. h3
(28. h5 Rg5 29. Kh1 Rxh5 30. Bf3 Rh3 31. Qd2 $1 $16 Rh7 (31... Rxf3 32. Qg2
Rxe3 33. Rg1 $18) 32. Rg1 $16) 28... Rxh4 29. Qe1 $14 Rh7 30. Qg3 Qb8 (30...
Rg8 31. Qd6 Rh6 32. Nf4 Qb8 $14) 31. Qxb8 Nxb8 32. Ne5 Rg8 33. Kh2 Nd7 34. Nxd7
$14 (34. a6 bxa6 35. Nxc6 $16) 34... Rxd7 35. Rf1 (35. Rb6) 35... Rdg7 36. Ra2
Rg3 (36... e5) 37. Rf3 R3g7 38. Rf4 Kh7 39. Bf1 Kg6 40. Rg2+ Kf6 41. Rxg7 Rxg7
42. Rh4 e5 (42... Rg8 $11) 43. Rh6+ Kg5 44. Rh8 $16 (44. a6 bxa6 45. Rxc6 $18)
44... Be6 45. dxe5 (45. h4+ Kf6 46. Rh6+ Ke7 47. dxe5 $18) 45... f4 $16 46. h4+
Kg4 47. Bh3+ Kf3 {Diagrama #} 48. Bxe6 $2 (48. exf4) 48... Kxe3 $2 (48... fxe3
49. Rf8+ Ke4 50. Rf1 e2 51. Rb1 d4 $19) 49. h5 $18 d4 50. h6 Re7 51. Bg4 d3 52.
e6 d2 53. Rd8 f3 54. Kg3 f2 55. Kg2 Rh7 56. Rf8 Rxh6 57. e7 Re6 58. e8=Q 1-0

[Event "39 Open Sevilla 2014"]
[Site "Sevilla (SPAIN)"]
[Date "2014.01.10"]
[Round "1.13"]
[White "MARIN MUNOZ, Jose Maria"]
[Black "LILLO CASTANY, Victor"]
[Result "0-1"]
[WhiteElo "1791"]
[BlackElo "2315"]
[Annotator "Montecatine,R"]
[PlyCount "109"]
[EventDate "2014.01.10"]

1. e4 c5 2. Nc3 Nc6 3. g3 g6 4. Bg2 Bg7 5. Nge2 d6 6. h3 e6 7. d3 Nge7 8. O-O
O-O 9. Bg5 Rb8 10. a4 a6 11. Qd2 Nd4 12. Rab1 Qc7 {Diagrama #} 13. Nxd4 (13.
Rfe1) 13... cxd4 $15 14. Ne2 f6 15. Bh6 Bxh6 16. Qxh6 Qxc2 17. Nxd4 Qxa4 18.
Nf3 Bd7 19. Rfc1 Qa5 20. Qf4 e5 21. Qe3 d5 22. b4 Qd8 23. Qc5 d4 24. Qc4+ Kg7
25. h4 (25. Qb3) 25... Rc8 26. Qb3 Qb6 $19 27. Nd2 Rxc1+ 28. Rxc1 Rc8 29. Nc4
Qc7 30. Rf1 Be6 31. Qa3 Bxc4 32. dxc4 Qxc4 33. b5 Rc7 34. bxa6 Qxa6 35. Qb2 Qc6
36. Qa3 Nc8 37. f4 Qc3 38. Qa4 Qxg3 39. fxe5 Qxe5 40. Rd1 Qg3 41. Qxd4 Rc2 42.
Qd7+ Kh6 43. Qh3 Qxh3 44. Bxh3 b5 45. Rd8 Ne7 46. Rd7 Nc6 47. Be6 Ne5 48. Rb7
Rb2 49. Bg8 Nf3+ 50. Kf1 Nxh4 51. Rxh7+ Kg5 52. Be6 Nf3 53. Bd5 Kf4 54. Bc6 Ke3
55. Rh3 0-1

[Event "39 Open Sevilla 2014"]
[Site "Sevilla (SPAIN)"]
[Date "2014.01.10"]
[Round "1.20"]
[White "CONGIU, Mathilde"]
[Black "CHESA CHAVARRIA, Aurelio"]
[Result "1-0"]
[WhiteElo "2226"]
[BlackElo "1775"]
[Annotator "Montecatine,R"]
[PlyCount "45"]
[EventDate "2014.01.10"]

1. e4 c5 2. d4 cxd4 3. c3 d3 4. c4 d6 5. Bxd3 Nc6 6. Nf3 g6 7. h3 Bg7 8. O-O e6
{(d6)} 9. Nc3 Nge7 10. Be2 a6 11. Be3 {Diagrama #} Rb8 (11... O-O 12. Qd2 f5
$14 (12... Qc7 13. Rfd1 Rd8 14. Na4 $16)) 12. Qd2 O-O 13. Rfd1 $16 e5 14. Qxd6
Be6 15. Qxd8 Rbxd8 16. Bc5 Rfe8 17. Nd5 Rd7 18. Kf1 f6 19. b4 Nc8 20. a4 Bxd5
21. cxd5 N6e7 22. b5 Rc7 23. Ba3 1-0

[Event "39 Open Sevilla 2014"]
[Site "Sevilla (SPAIN)"]
[Date "2014.01.10"]
[Round "1.21"]
[White "ALFARO RINCON, Jose Antonio"]
[Black "SGNAOLIN, Davide"]
[Result "0-1"]
[WhiteElo "1769"]
[BlackElo "2221"]
[Annotator "Montecatine,R"]
[PlyCount "70"]
[EventDate "2014.01.10"]

1. d4 Nf6 2. c4 c5 3. d5 b5 4. cxb5 a6 5. Nc3 axb5 6. Nxb5 Ba6 7. Nc3 g6 8. e4
Bxf1 9. Kxf1 d6 10. Nge2 Bg7 11. g3 Nbd7 12. Kg2 O-O 13. Bf4 Qa5 14. Qc1 Rfb8
15. Rb1 Ng4 16. Qc2 Nge5 (16... Rb4) 17. b3 Rb7 18. Bd2 (18. a4) 18... Qa6 19.
a4 Qd3 $16 (19... c4 $14) 20. Qxd3 Nxd3 21. Nb5 (21. Rhd1 $16) 21... c4 $11 22.
Be3 $15 (22. bxc4 Rxa4 23. Nbc3 Rxb1 24. Rxb1 Rxc4 25. Rb7 Bxc3 26. Nxc3 N3c5
27. Ra7 $11) 22... cxb3 23. Rxb3 Rxa4 24. Rxd3 Rxb5 25. f3 (25. Nd4 Rb2 26. Rc1
) 25... Rb2 (25... f5) 26. Rd2 Rxd2 27. Bxd2 Ra2 28. Rd1 Ne5 {Diagrama #} 29.
Kf1 $19 (29. Kf2 Ra3 30. Be3 $15) 29... Nxf3 30. Be3 Nxh2+ 31. Kf2 Ng4+ 32. Kf3
Ra3 33. Kxg4 Rxe3 34. Ng1 h5+ 35. Kh3 Be5 0-1

[Event "39 Open Sevilla 2014"]
[Site "Sevilla (SPAIN)"]
[Date "2014.01.10"]
[Round "1.22"]
[White "VAN HOOLANDT, Patrick"]
[Black "CALZADO MANSO, Joaquin"]
[Result "1-0"]
[WhiteElo "2199"]
[BlackElo "1767"]
[Annotator "Montecatine,R"]
[PlyCount "47"]
[EventDate "2014.01.10"]

1. d4 d5 2. c4 Nf6 3. cxd5 Nxd5 4. e4 Nb6 5. Nc3 e6 6. Be3 Be7 7. Rc1 O-O 8.
Nf3 N8d7 9. a4 Nf6 10. Bd3 h6 11. O-O c6 12. Qb3 Re8 13. Rfd1 Nbd7 14. Bb1 Qb6
15. Qc2 Nf8 16. h3 Qa5 17. Ne5 N6d7 18. Nd3 e5 19. d5 c5 (19... Ng6) 20. Nb5 a6
21. b4 {Diagrama #} Qb6 (21... cxb4 22. Nc7) (21... Qd8 22. d6) 22. bxc5 Qg6
23. Nc7 Nf6 24. Nxe5 1-0

[Event "39 Open Sevilla 2014"]
[Site "Sevilla (SPAIN)"]
[Date "2014.01.10"]
[Round "1.24"]
[White "URBINA PEREZ, Juan Antonio"]
[Black "GONZALEZ SUAREZ, Jose Luis"]
[Result "1-0"]
[WhiteElo "2183"]
[BlackElo "1762"]
[Annotator "Montecatine,R"]
[PlyCount "59"]
[EventDate "2014.01.10"]

1. e4 e6 2. d4 d5 3. Nd2 dxe4 4. Nxe4 Bd7 5. Nf3 Bc6 6. Bd3 Nd7 7. O-O Ngf6 8.
Ng3 Be7 9. b3 O-O 10. Bb2 Re8 11. Re1 Bxf3 12. Qxf3 c6 13. c4 Nf8 14. Rad1 Qa5
15. Bb1 Rad8 16. Re5 Qc7 17. Rde1 Ng6 18. R5e2 Qa5 19. a3 (19. Ne4 $14) 19...
Bxa3 20. Bxa3 Qxa3 21. Ne4 Nxe4 22. Rxe4 f5 $15 23. R4e2 Rxd4 24. g3 Qd6 (24...
Re7 $17) 25. Bxf5 $11 Rd1 (25... Nf8) 26. Bxe6+ Kh8 27. Rxd1 Qxd1+ 28. Kg2 {
Diagrama #} Nf8 (28... a5 $14) 29. Qf7 Qxe2 30. Qg8# 1-0

[Event "39 Open Sevilla 2014"]
[Site "Sevilla (SPAIN)"]
[Date "2014.01.11"]
[Round "2.1"]
[White "TUROV, Maxim"]
[Black "CASTILLO GOMEZ, Jesus"]
[Result "1-0"]
[WhiteElo "2586"]
[BlackElo "2032"]
[Annotator "Montecatine,R"]
[PlyCount "68"]
[EventDate "2014.01.10"]

1. d4 d5 2. c4 e6 3. Nc3 Nf6 4. cxd5 exd5 5. Bg5 Be7 6. e3 c6 7. Qc2 h6 8. Bxf6
Bxf6 9. Bd3 Be6 10. Nge2 O-O 11. O-O Re8 12. b4 Nd7 13. Na4 b5 14. Nc5 Nb6 (
14... Nxc5 $5 15. Qxc5 (15. bxc5 a5) 15... Qb6 16. Rfc1 Bd7 17. a4 Qxc5 18.
Rxc5 a6) 15. a4 $14 a6 16. Nf4 Bd7 (16... Bc8) 17. Rfc1 {Diagrama #} Nxa4 (
17... Bc8 $14) (17... Nc4 $2 18. axb5 cxb5 (18... axb5 19. Rxa8 Qxa8 20. Nxd7)
19. Nxd5) 18. Nxd7 Qxd7 19. Qxc6 $16 Red8 20. Qxd7 Rxd7 21. Be2 Be7 22. Bf3
Rad8 23. Nd3 Bd6 (23... Ra7) 24. g3 $18 Bf8 25. Bd1 Rb8 26. Rc6 Rd6 27. Rxd6
Bxd6 28. Bxa4 bxa4 29. Rxa4 Rb6 30. Kf1 Kf8 31. Nc5 Bxc5 32. bxc5 Rc6 33. Rb4
a5 34. Rb8+ Ke7 1-0

[Event "39 Open Sevilla 2014"]
[Site "Sevilla (SPAIN)"]
[Date "2014.01.11"]
[Round "2.2"]
[White "MEANA FDEZ-PALACIOS, Miguel"]
[Black "HASLINGER, Stewart G"]
[Result "0-1"]
[WhiteElo "2030"]
[BlackElo "2548"]
[Annotator "Montecatine,R"]
[PlyCount "51"]
[EventDate "2014.01.10"]

1. e4 e5 2. Nf3 Nc6 3. Bc4 Bc5 4. Nc3 Nf6 5. d3 d6 6. h3 Na5 7. Bb5+ c6 8. Ba4
b5 9. Bb3 Bb6 10. Bg5 h6 11. Bh4 g5 {Diagrama #} 12. Nxg5 $2 (12. Bg3 $11)
12... Nxb3 13. axb3 hxg5 14. Bxg5 Rg8 $17 15. h4 Qe7 16. Qd2 Qe6 17. f4 (17. g3
) 17... exf4 $19 18. Qxf4 Nh7 19. O-O-O Nxg5 20. hxg5 Qe5 21. g3 Qxf4+ 22. gxf4
Be3+ 23. Kb1 Bxf4 24. g6 fxg6 25. Rh7 Bd7 26. Ne2 0-1